Statistics for Best Selling Album by Year

Click here to take the quiz!

General Stats

  • This quiz has been taken 101 times
    (63 since last reset)
  • The average score is 14 of 40

Answer Stats

YearAlbum(s)Artist% Correct
2011, 2012, 201521, 25Adele
96%
1983ThrillerMichael Jackson
96%
1985Born in the U.S.A.Bruce Springsteen
82%
1997SpiceSpice Girls
70%
1974Goodbye Yellow Brick RoadElton John
66%
2002The Eminem Show, RecoveryEminem
66%
2009, 2014Fearless, 1989Taylor Swift
66%
1988FaithGeorge Michael
60%
1970Bridge Over Troubled WaterSimon and Garfunkel
54%
1977RumoursFleetwood Mac
50%
2003Get Rich or Die Tryin'50 Cent
48%
1987Slippery When WetBon Jovi
46%
1996Jagged Little PillAlanis Morissette
44%
2005The Emancipation of MimiMariah Carey
44%
1999MillenniumBackstreet Boys
40%
1990Janet Jackson's Rhythm Nation 1814Janet Jackson
40%
2000No Strings Attached*NSYNC
38%
197952nd StreetBilly Joel
36%
1995Cracked Rear ViewHootie and the Blowfish
34%
2001Hybrid TheoryLinkin Park
34%
2004ConfessionsUsher
32%
1972HarvestNeil Young
28%
1976Frampton Comes AlivePeter Frampton
28%
1986Whitney HoustonWhitney Houston
28%
1969In-A-Gadda-Da-VidaIron Butterfly
26%
1991Ropin' The WindGarth Brooks
24%
2013The 20/20 ExperienceJustin Timberlake
24%
2008Tha Carter IIILil Wayne
20%
1968Are You Experienced?The Jimi Hendrix Experience
20%
1980The WallPink Floyd
16%
1981Hi InfidelityREO Speedwagon
16%
1989Don't Be CruelBobby Brown
12%
1956CalypsoHarry Belafonte
12%
1959Music from Peter GunnHenry Mancini
12%
1967More of The MonkeesThe Monkees
10%
1973The World Is a GhettoWar
8%
1992Some Gave AllBilly Ray Cyrus
6%
1966Whipped Cream & Other DelightsHerb Alpert & The Tijuana Brass
6%
1982AsiaAsia
4%
2007NoëlJosh Groban
4%

Score Distribution

Percentile by Number Answered

Percent of People with Each Score

Your Score History

You have not taken this quiz since the last reset